Issues and challenges facing Bangladesh foreign policy / (Record no. 37758)
[ view plain ]
| 000 -LEADER | |
|---|---|
| fixed length control field | 01058nam a2200277 a 4500 |
| 001 - CONTROL NUMBER | |
| control field | 37758 |
| 003 - CONTROL NUMBER IDENTIFIER | |
| rucl marc code | BD-RjUL |
| 005 - DATE AND TIME OF LATEST TRANSACTION | |
| control field | 20211209052640.0 |
| 008 - FIXED-LENGTH DATA ELEMENTS--GENERAL INFORMATION | |
| fixed length control field | 150622s1989 bg b 100 0 eng |
| 035 ## - SYSTEM CONTROL NUMBER | |
| System control number | (BD-RjUL) |
| 040 ## - CATALOGING SOURCE | |
| Original cataloging agency | DLC |
| Transcribing agency | DLC |
| Modifying agency | DLC |
| Language of cataloging | eng |
| 041 ## - LANGUAGE CODE | |
| Language code of text/sound track or separate title | eng |
| 082 00 - DEWEY DECIMAL CLASSIFICATION NUMBER | |
| Classification number | 327.5492 |
| Edition number | 20 |
| Author mark and year | ISS 1989 |
| 245 00 - TITLE STATEMENT | |
| Title | Issues and challenges facing Bangladesh foreign policy / |
| Statement of responsibility, etc. | edited by M.G. Kabir, Shaukat Hassan. |
| 260 ## - PUBLICATION, DISTRIBUTION, ETC. (IMPRINT) | |
| Place of publication, distribution, etc. | Dhaka, Bangladesh : |
| Name of publisher, distributor, etc. | Bangladesh Society of International Studies, |
| Date of publication, distribution, etc. | 1989. |
| 300 ## - PHYSICAL DESCRIPTION | |
| Pagination | xiv, 273 p. ; |
| Size | 22 cm. |
| 500 ## - GENERAL NOTE | |
| General note | Based on the proceedings of the first annual Conference of the Bangladesh Society of International Studies held in Dhaka on Jan. 31, 1989 |
| 504 ## - BIBLIOGRAPHY, ETC. NOTE | |
| Bibliography, etc | Includes bibliographical references. |
| 651 #0 - SUBJECT ADDED ENTRY--GEOGRAPHIC NAME | |
| Geographic name | Bangladesh |
| General subdivision | Foreign relations |
| -- | Congresses. |
| 9 (RLIN) | 116950 |
| 700 1# - ADDED ENTRY--PERSONAL NAME | |
| Personal name | Kabir, Muhammad Ghulam. |
| Personal name | Hassan, Shaukat. |
| 710 2# - ADDED ENTRY--CORPORATE NAME | |
| Corporate name or jurisdiction name as entry element | Bangladesh Society of International Studies. |
| 9 (RLIN) | 116953 |
| 942 ## - ADDED ENTRY ELEMENTS (KOHA) | |
| Source of classification or shelving scheme | Dewey Decimal Classification |
| Koha item type | Books |
| Lost status | Source of classification or shelving scheme | Damaged status | Not for loan | Collection code | Permanent Location | Current Location | Shelving location | Date acquired | Source of acquisition | Cost, normal purchase price | Total Checkouts | Full call number | Date last seen | Date checked out | Copy number | Koha item type |
|---|---|---|---|---|---|---|---|---|---|---|---|---|---|---|---|---|
| Dewey Decimal Classification | Non-fiction | Central Library, University of Rajshahi | Central Library, University of Rajshahi | 17/04/1990 | M. Shamsur Rahamn, Pol. Sc. | 300.00 | 1 | 327.5492 ISS 1989 | 17/10/2015 | 24/06/2015 | C-3 | Books | ||||
| Dewey Decimal Classification | Not For Loan | Non-fiction | Central Library, University of Rajshahi | Central Library, University of Rajshahi | Reading Room | 17/04/1990 | M. Shamsur Rahamn, Pol. Sc. | 300.00 | 327.5492 ISS 1989 | 23/06/2015 | C-1 | Books | ||||
| Dewey Decimal Classification | Non-fiction | Central Library, University of Rajshahi | Central Library, University of Rajshahi | 17/04/1990 | M. Shamsur Rahamn, Pol. Sc. | 300.00 | 327.5492 ISS 1989 | 23/06/2015 | C-2 | Books | ||||||
| Dewey Decimal Classification | Non-fiction | Central Library, University of Rajshahi | Central Library, University of Rajshahi | 17/04/1990 | M. Shamsur Rahamn, Pol. Sc. | 300.00 | 327.5492 ISS 1989 | 23/06/2015 | C-4 | Books | ||||||
| Dewey Decimal Classification | Non-fiction | Central Library, University of Rajshahi | Central Library, University of Rajshahi | 26/02/1994 | 327.5492 ISS 1989 | 23/06/2015 | C-5 | Books | ||||||||
| Dewey Decimal Classification | Non-fiction | Central Library, University of Rajshahi | Central Library, University of Rajshahi | 27/02/1998 | Bangladesh society of international studies | 300.00 | 327.5492 ISS 1989 | 23/06/2015 | C-6 | Books | ||||||
| Dewey Decimal Classification | Non-fiction | Central Library, University of Rajshahi | Central Library, University of Rajshahi | 17/04/1990 | 300.00 | 1 | 327.5492 ISS 1989 | 05/12/2018 | 10/09/2018 | C-7 | Books |